Подробности
| 000 -МАРКЕР |
| контрольное поле |
03668nam0a22003491 4500 |
| 001 - ИДЕНТИФИКАТОР ЗАПИСИ |
| контрольное поле |
v19\rc\1562306 |
| 005 - ИДЕНТИФИКАТОР ВЕРСИИ |
| контрольное поле |
20260406164817.0 |
| 035 ## - ДРУГИЕ СИСТЕМНЫЕ НОМЕРА |
| Идентификатор записи |
(NLR Aleph) 004674889 |
| 100 ## - ДАННЫЕ ОБЩЕЙ ОБРАБОТКИ |
| Данные общей обработки |
20060620d1891 |||y0rusy50 ca |
| 101 0# - ЯЗЫК РЕСУРСА |
| Язык текста, звукозаписи и т.д. |
русский |
| 102 ## - СТРАНА ПУБЛИКАЦИИ ИЛИ ПРОИЗВОДСТВА |
| Страна публикации |
Российская Федерация |
| 105 ## - ПОЛЕ КОДИРОВАННЫХ ДАННЫХ: ТЕКСТОВЫЕ МАТЕРИАЛЫ, МОНОГРАФИЧЕСКИЕ |
| Кодированные данные о монографическом текстовом документе |
y n ||||| |
| 200 1# - ЗАГЛАВИЕ И СВЕДЕНИЯ ОБ ОТВЕТСТВЕННОСТИ |
| Основное заглавие |
Доклад, проект правил, журналы заседаний и материалы |
| Первые сведения об ответственности |
Высочайше учрежденная комиссия для пересмотра действующих узаконений о производстве дел по преступлениям и проступкам, совершаемым в Империи жителями Финляндии и в сем крае жителями Империи |
| 210 ## - ПУБЛИКАЦИЯ, РАСПРОСТРАНЕНИЕ И ДР. |
| Место издания, распространения и т.д. |
С.-Петербург |
| Дата издания, распространения и т.д. |
1891 |
| 215 ## - ФИЗИЧЕСКАЯ ХАРАКТЕРИСТИКА |
| Специфическое обозначение материала и объем |
368, IV с. |
| Размеры |
26 |
| 300 ## - ОБЩИЕ ПРИМЕЧАНИЯ |
| Текст примечания |
Послед. колонцифра ошибочно: VI |
| 300 ## - ОБЩИЕ ПРИМЕЧАНИЯ |
| Текст примечания |
В части тиража доп. тит. л.: Объяснительная записка к проекту новой редакции устава уголовного судопроизводства, Особое приложение к т. 1 / Высочайше учрежденная Комиссия для пересмотра законоположений по судебной части. - С-Петербург : типография Правительствующего Сената, 1900 |
| 311 ## - ПРИМЕЧАНИЯ, ОТНОСЯЩИЕСЯ К ПОЛЯМ СВЯЗИ (ПРИМЕЧАНИЯ О СВЯЗИ С ДРУГИМИ ПРОИЗВЕДЕНИЯМИ (ИЗДАНИЯМИ)) |
| Текст примечания |
Часть тиража вышла как приложение к 1-му тому изд.: Объяснительная записка к проекту новой редакции устава уголовного судопроизводства / Высочайше учрежденная Комиссия для пересмотра законоположений по судебной части. - СПб., 1900 |
| 316 ## - ПРИМЕЧАНИЯ ОБ ОСОБЕННОСТЯХ ЭКЗЕМПЛЯРА |
| Текст примечания |
Экз. РНБ на шифре 20.48.1.10 (6): Особое приложение к т. 1 |
| Организация и экземпляр, к которому относится поле |
NLR: 20.48.1.10 (6) |
| 422 #0 - ИЗДАНИЕ, К КОТОРОМУ ОТНОСИТСЯ ПРИЛОЖЕНИЕ |
| Встроенное поле |
2001#$aОбъяснительная записка к проекту новой редакции устава уголовного судопроизводства$hт. 1$iОбщие положения и подсудность$fВысочайше учрежденная Комиссия для пересмотра законоположений по судебной части |
| -- |
210##$aС.-Петербург$cтипография Правительствующего Сената$d1900 |
| -- |
5131#$aОсобое приложение к т. 1 |
| -- |
71001$3RU\NLR\AUTH\8810123028$aРоссия$bКомиссия для пересмотра законоположений по судебной части |
| Заглавие |
Объяснительная записка к проекту новой редакции устава уголовного судопроизводства |
| Автор |
Россия. Комиссия для пересмотра законоположений по судебной части |
| 710 01 - НАИМЕНОВАНИЕ ОРГАНИЗАЦИИ - ПЕРВИЧНАЯ ОТВЕТСТВЕННОСТЬ |
| Начальный элемент ввода |
Россия |
| Структурное подразделение |
Комиссия для пересмотра действующих узаконений о производстве дел по преступлениям и проступкам, совершаемым в империи жителями Финляндии и в Финляндии жителями империи |
| Системный номер авторитетной/нормативной записи |
367370 |
| Идентификатор авторитетной/нормативной записи |
RU\NLR\AUTH\889936272 |
| 801 #0 - ИСТОЧНИК ЗАПИСИ |
| Страна |
Российская Федерация |
| Организация |
NLR |
| Правила каталогизации |
psbo |
| 801 #0 - ИСТОЧНИК ЗАПИСИ |
| Страна |
Российская Федерация |
| Организация |
RuMoRGB |
| Источник данных |
psbo |
| 801 #1 - ИСТОЧНИК ЗАПИСИ |
| Страна |
Российская Федерация |
| Организация |
ProSoft-M |
| Источник данных |
rusmarc |
| 801 #2 - ИСТОЧНИК ЗАПИСИ |
| Страна |
Российская Федерация |
| Организация |
NLR |
| Дата составления |
20130711 |
| Источник данных |
rusmarc |
| 852 ## - МЕСТОНАХОЖДЕНИЕ И ШИФР ХРАНЕНИЯ |
| Идентификатор организации |
NLR |
| Шифр хранения (Call Number) |
20.48.1.10 (1, прил.) |
| 852 ## - МЕСТОНАХОЖДЕНИЕ И ШИФР ХРАНЕНИЯ |
| Идентификатор организации |
NLR |
| Шифр хранения (Call Number) |
17.134.5.29 |
| 899 ## - ДАННЫЕ О МЕСТОНАХОЖДЕНИИ (устаревшее) |
| Местонахождение |
RuMoRGB |
| Шифр хранения |
U 320/66 |
| 899 ## - ДАННЫЕ О МЕСТОНАХОЖДЕНИИ (устаревшее) |
| Местонахождение |
ГПИБ |
| 942 ## - ДОПОЛНИТЕЛЬНЫЕ ЭЛЕМЕНТЫ ЗАПИСИ (АБИС) |
| Тип экземпляра АБИС |
Книга |
| 980 ## - КОЛЛЕКЦИЯ |
| Название коллекции |
Национальная библиография |